Dog Man Books - Statistics

General Stats
  • This quiz has been taken 40 times
  • The average score is 5 of 16
Answer Stats
Book # Series Answer % Correct
2 Dog Man Unleashed
80%
5 Dog Man Lord of the Fleas
50%
6 Dog Man Brawl of theWild
45%
4 Dog Man Dog man & cat kid
45%
7 Dog Man For Whom the Ball Rolls
45%
8 Dog Man Fetch 22
40%
10 Dog Man MotheringHeights
35%
13 Dog Man Big Jim Begins
30%
2 Cat Kid Comic Club Perspectives
30%
11 Dog Man Twenty thousandFleas under the sea
25%
9 Dog Man Grime andPunishment
20%
5 Cat Kid Comic Club Influencers
20%
12 Dog Man The Scarlet Shedder
15%
3 Dog Man A Tale of TwoKittens
10%
4 Cat Kid Comic Club Collaborations
10%
3 Cat Kid Comic Club On Purpose
10%
No matching quizzes found
Score Distribution
Percent of People with Each Score
Percentile by Number Answered
Your Score History
You have not taken this quiz